| 000 | 00342nam a2200133 i 4500 | ||
|---|---|---|---|
| 001 | bg | ||
| 100 | 1 | _aSZANTYR, J. | |
| 245 | 0 |
_aMetoda opisu teoretyczne zmiennych w czasie zjawisk kawitacyjnych... / _cJ. Szantyr. |
|
| 260 |
_aGdaĆsk, _c1983. |
||
| 040 | _cBPK | ||
| 041 | _apol | ||
| 942 | _cKS | ||
| 008 | s pl f |000 0 pol | ||
| 999 |
_c22372 _d22372 |
||
| 856 |
_uhttp://koha.tu.koszalin.pl/cgi-bin/koha/opac-detail.pl?biblionumber=22372 _yKatalog online BPK |
||